[Event "Caribbean sub zt 2.3.5"]
[Site "Nassau"]
[Date "2010.06.30"]
[Round "8"]
[White "Elliott, Warren"]
[Black "Corbin, Philip"]
[Result "1-0"]
[WhiteElo "2264"]
[BlackElo "2164"]
[PlyCount "79"]
[EventDate "2010.06.26"]
[EventType "swiss"]
[EventRounds "9"]
[EventCountry "BAH"]
[SourceTitle "EXT 2019"]
[Source "ChessBase"]
[SourceDate "2018.10.10"]
[SourceVersion "1"]
[SourceVersionDate "2018.10.10"]
[SourceQuality "1"]

1. d4 Nf6 2. Nf3 b5 3. e3 b4 4. Bd3 Bb7 5. Nbd2 e6 6. 0-0 Be7 7. c4 0-0 8. Qe2 c5 9. b3 d6 10. Bb2 Nbd7 11. Rad1 Qc7 12. e4 cxd4 13. Nxd4 Qc5 14. Rde1 Rac8 15. Qd1 Rfd8 16. Bb1 a5 17. Re3 Ne5 18. Nb5 Nc6 19. Rh3 e5 20. a4 Na7 21. Re1 Ra8 22. Nxa7 Rxa7 23. Nf1 Bc8 24. Rg3 Kh8 25. Bc1 Rc7 26. Bg5 Ng8 27. Be3 Qc6 28. Bc1 Bh4 29. Rd3 g6 30. Bb2 Bf6 31. Ne3 Be6 32. Nd5 Bxd5 33. Rxd5 Qb6 34. Bxe5 Rc5 35. Rxd6 Rxd6 36. Qxd6 Rc6 37. Bxf6+ Nxf6 38. Qf8+ Ng8 39. Rd1 Rf6 40. c5 1-0

[Event "Caribbean sub zt 2.3.5"]
[Site "Nassau"]
[Date "2010.06.27"]
[Round "3"]
[White "Croes, Octavio"]
[Black "Elliott, Warren"]
[Result "0-1"]
[WhiteElo "1950"]
[BlackElo "2264"]
[PlyCount "152"]
[EventDate "2010.06.26"]
[EventType "swiss"]
[EventRounds "9"]
[EventCountry "BAH"]
[SourceTitle "EXT 2019"]
[Source "ChessBase"]
[SourceDate "2018.10.10"]
[SourceVersion "1"]
[SourceVersionDate "2018.10.10"]
[SourceQuality "1"]

1. e4 e6 2. d4 d5 3. Nc3 Bb4 4. e5 c5 5. Bd2 Bxc3 6. Bxc3 Nc6 7. Qg4 Nge7 8. Nf3 cxd4 9. Nxd4 Nxd4 10. Bxd4 Nf5 11. Bc3 h5 12. Qb4 Qc7 13. Bd3 Ne7 14. Qh4 Nc6 15. Qg5 g6 16. Qf6 0-0 17. f4 Qd8 18. Qxd8 Rxd8 19. 0-0-0 Bd7 20. Rdg1 a5 21. g4 hxg4 22. Rxg4 Nb4 23. h4 Nxa2+ 24. Kd2 Nxc3 25. Kxc3 Kf8 26. h5 gxh5 27. Rxh5 Ke7 28. Kd4 b6 29. f5 exf5 30. Bxf5 Rac8 31. Rg7 Rc4+ 32. Ke3 Bxf5 33. Rxf5 Rf8 34. c3 b5 35. Rf6 Re4+ 36. Kd3 b4 37. Ra6 bxc3 38. bxc3 a4 39. e6 Rxe6 40. Rxa4 Rg6 41. Rh7 Rg3+ 42. Kd2 Rb8 43. Kc2 Rf3 44. Rh6 Rb7 45. Ra5 Rc7 46. Rxd5 Rcxc3+ 47. Kb2 Rc7 48. Re5+ Kf8 49. Rh8+ Kg7 50. Reh5 Rf2+ 51. Kb3 Rf1 52. Kb2 Rg1 53. R8h7+ Kf6 54. R7h6+ Rg6 55. Rh8 Ke7 56. Re5+ Re6 57. Rxe6+ Kxe6 58. Rh1 f5 59. Re1+ Kf6 60. Rf1 Rc5 61. Kb3 Kg5 62. Rg1+ Kf4 63. Rf1+ Ke3 64. Kb4 Re5 65. Re1+ Kf4 66. Rf1+ Kg3 67. Kc4 f4 68. Kd3 f3 69. Rg1+ Kf2 70. Rg8 Re7 71. Ra8 Kf1 72. Kd2 f2 73. Rf8 Rd7+ 74. Kc3 Rd5 75. Kc4 Rg5 76. Kd3 Kg2 0-1

[Event "Caribbean sub zt 2.3.5"]
[Site "Nassau"]
[Date "2010.06.26"]
[Round "2"]
[White "Elliott, Warren"]
[Black "Lopez, Juste Junot"]
[Result "1-0"]
[WhiteElo "2264"]
[BlackElo "2028"]
[PlyCount "49"]
[EventDate "2010.06.26"]
[EventType "swiss"]
[EventRounds "9"]
[EventCountry "BAH"]
[SourceTitle "EXT 2019"]
[Source "ChessBase"]
[SourceDate "2018.10.10"]
[SourceVersion "1"]
[SourceVersionDate "2018.10.10"]
[SourceQuality "1"]

1. e4 c5 2. Nf3 d6 3. d4 cxd4 4. Nxd4 Nf6 5. Nc3 a6 6. Bg5 e6 7. f4 Nc6 8. Nb3 h6 9. Bh4 Qc7 10. Bxf6 gxf6 11. Be2 Qb6 12. Qd3 h5 13. 0-0-0 Nb4 14. Qd2 Bd7 15. a3 Nc6 16. Kb1 0-0-0 17. Qd3 Kb8 18. Qh3 h4 19. g3 Be7 20. gxh4 f5 21. h5 fxe4 22. Nxe4 d5 23. Nc3 Bf6 24. Rhf1 Nd4 25. Qe3 1-0

[Event "Kingston UWI Masters"]
[Site "Kingston"]
[Date "2010.03.17"]
[Round "4.2"]
[White "Margvelashvili, Giorgi"]
[Black "Elliott, Warren"]
[Result "1-0"]
[WhiteElo "2527"]
[BlackElo "2264"]
[PlyCount "63"]
[EventDate "2010.03.15"]
[EventType "tourn"]
[EventRounds "9"]
[EventCountry "JAM"]
[EventCategory "2"]
[SourceTitle "CBM 135 Extra"]
[Source "ChessBase"]
[SourceDate "2010.05.04"]
[SourceVersion "1"]
[SourceVersionDate "2010.05.04"]
[SourceQuality "1"]

1. Nf3 Nf6 2. c4 c5 3. Nc3 e6 4. g3 b6 5. Bg2 Bb7 6. 0-0 d6 7. d4 cxd4 8. Qxd4 a6 9. b3 Nbd7 10. Rd1 Qc7 11. e4 Be7 12. Ba3 Nc5 13. e5 dxe5 14. Qxe5 Rc8 15. Qxc7 Rxc7 16. Bc1 Ncd7 17. Bf4 Rc8 18. Rac1 Ba3 19. Rc2 b5 20. cxb5 Ne4 21. Nd4 Rxc3 22. bxa6 Bxa6 23. Bxe4 Rc5 24. Bc6 Bc8 25. Rxc5 Bxc5 26. Nb5 Ke7 27. Rc1 Bb6 28. a4 f6 29. Bd2 Ba6 30. Bb4+ Kd8 31. Rd1 Bc8 32. a5 1-0

[Event "Kingston UWI Masters"]
[Site "Kingston"]
[Date "2010.03.16"]
[Round "3.5"]
[White "Elliott, Warren"]
[Black "Hammar, Bengt Erik"]
[Result "1/2-1/2"]
[WhiteElo "2264"]
[BlackElo "2264"]
[PlyCount "30"]
[EventDate "2010.03.15"]
[EventType "tourn"]
[EventRounds "9"]
[EventCountry "JAM"]
[EventCategory "2"]
[SourceTitle "CBM 135 Extra"]
[Source "ChessBase"]
[SourceDate "2010.05.04"]
[SourceVersion "1"]
[SourceVersionDate "2010.05.04"]
[SourceQuality "1"]

1. e4 c5 2. Nf3 d6 3. d4 cxd4 4. Nxd4 Nf6 5. Nc3 a6 6. Bg5 e6 7. f4 Qc7 8. Qe2 Nbd7 9. 0-0-0 b5 10. a3 Bb7 11. g4 h6 12. Bxf6 gxf6 13. Bg2 0-0-0 14. Kb1 Kb8 15. h4 Nb6 1/2-1/2